000 00678nam a2200217Ia 4500
003 GCL
008 140319s9999 xx 000 0 ara d
020 _a050201977
040 _aGCL /
_cGCL
082 0 4 _a823.03
_bم ا
100 1 _aموم , سومرست
245 1 0 _aاغلال الانسانية /
_cموم , سومرست
260 _aالقاهرة :
_bمؤسسة روزاليوسف ،
_c2000
300 _a328 ص ؛
_c24 سم
490 _aالالف كتاب
_v0
650 0 4 _aالقصص الانجليزية
650 0 4 _aالقصص الانجليزية المترجمة
650 0 4 _aالادب الانجليزى
650 0 4 _aالقصص
942 _2ddc
_cBK
999 _c43707
_d43707